000 00417cam a22001457a 4500
008 180718b1997 xxu||||| |||| 00| 0 eng d
020 _a8170334208
082 _aB136 V519
100 _aVeerashekharappa
245 _aInstitutional finance for rural development
_cby Veerashekharappa
260 _aJaipur
_bRawat
_c1997
300 _a221p.
650 _aInstitutional economics.
650 _aRural development - India
999 _c382487
_d382487